00474nam a2200193 a 4500001001300000003000900013005001700022008004100039020001000080082001700090100002300107245002200130260003200152300000800184500003500192505001000227650002000237700002300257nice12345678IN_TiNIC20260116012107.0050524s1890 lona grp 000 0 ara  ac10000a297.82bHAM1 aHamdani, Mohd Raza aHadiyatun Namalah aLondon bNo Publisherc1890 a39p aincludes index and biblioraphy2 aIndex aShiah-Doctrines1 aHamdani, Mohd Raza